|
|
|
|
| LEADER |
01833nam a22003257a 4500 |
| 001 |
42264 |
| 003 |
BD-DhAAL |
| 005 |
20240331150853.0 |
| 008 |
240325t2014 bg ||||| |||| 00| 0 ben d |
| 020 |
|
|
|a 9789848882856
|
| 040 |
|
|
|a BD-DhAAL
|d BD-DhAAL
|
| 041 |
|
|
|a ben
|
| 082 |
|
|
|a 331.7687095492
|2 23
|
| 245 |
|
|
|a ২৪ এপ্রিল :
|b হাজার প্রাণের চিৎকার /
|c বাংলাদেশ গারমেন্ট শ্রমিক সংহতি.
|
| 246 |
|
|
|a Chobbish april :
|b hazar praner chitkar /
|
| 246 |
|
|
|a ২৪ এপ্রিল :
|b হাজার প্রাণের চিৎকার, রানা প্লাজায় শ্রমিক হত্যাকাণ্ড বিষয়ক সংকলন /
|
| 264 |
|
|
|a ঢাকা :
|b বাংলাদেশ গার্মেন্ট শ্রমিক সংহতি,
|c ২০১৪ ।
|
| 300 |
|
|
|a ৪৮০ পৃষ্ঠা :
|b চিত্র ;
|c ২৪ সে.মি.
|
| 500 |
|
|
|a রানা প্লাজায় শ্রমিক হত্যাকাণ্ড বিষয়ক সংকলন
|
| 541 |
|
|
|a Donated By Rebecca Dipa Khan
|e 42264
|
| 650 |
|
|
|a Clothing trade
|x Accidents
|z Bangladesh
|z Savar.
|
| 650 |
|
|
|a Clothing workers
|z Bangladesh
|z Savar.
|
| 650 |
|
|
|a Employee rights
|z Bangladesh
|z Savar.
|
| 650 |
|
|
|a Labor movement
|z Bangladesh
|z Savar.
|
| 650 |
|
|
|a International trade
|x Moral and ethical aspects.
|
| 650 |
|
|
|a Economics.
|
| 710 |
|
|
|a বাংলাদেশ গারমেন্ট শ্রমিক সংহতি
|9 56185
|
| 942 |
|
|
|2 ddc
|c BK
|
| 999 |
|
|
|c 46487
|d 46487
|
| 952 |
|
|
|0 0
|1 0
|2 ddc
|4 0
|6 331_768709549200000_CHO
|7 0
|9 75290
|a BRACUL
|b BRACUL
|c GEN
|d 2024-03-25
|e Donated By Rebecca Dipa Khan
|g 500.00
|l 0
|o 331.7687095492 CHO
|p 3010042268
|r 2024-03-25
|t 1
|w 2024-03-25
|y BK
|